LEADER 01357cam0-2200445---450- 001 990008765160403321 005 20120102143751.0 010 $a978-88-568-0200-9 035 $a000876516 035 $aFED01000876516 035 $a(Aleph)000876516FED01 035 $a000876516 100 $a20081125d2007----km-y0itay50------ba 101 0 $aita 102 $aIT 105 $aa-------001yy 200 1 $aIntervento pubblico e politica economica fascista$fa cura di Domenicantonio Fausto$gprefazione di Antonio Pedone 210 $aMilano$cFrancoAngeli$dİ2007 215 $aX, 767 p.$d24 cm 225 1 $a<>finanza pubblica$v43 610 0 $aItalia$aStoria economica$a1921-1943 676 $a945.091 5$v20$zita 702 1$aFausto,$bDomenicantonio 702 1$aPedone,$bAntonio 801 0$aIT$bUNINA$gRICA$2UNIMARC 901 $aBK 912 $a990008765160403321 952 $aN4.426$b1102/DE$fDECTS 952 $aN4.427$b1103/DE$fDECTS 952 $aN4.428$b1104/DE$fDECTS 952 $aN4.429$b1105/DE$fDECTS 952 $aN4.430$b1106/DE$fDECTS 952 $aCollez. 448 (43)$b43707$fFSPBC 952 $aVI C 1072$b43895$fFSPBC 952 $aXXXI B 1423.25$b2239$fNAP02 959 $aDECTS 959 $aFSPBC 959 $aNAP02 996 $aIntervento pubblico e politica economica fascista$9238597 997 $aUNINA LEADER 01125nam--2200373---450- 001 990002770200203316 005 20060629152741.0 010 $a90-71211-18-5 035 $a000277020 035 $aUSA01000277020 035 $a(ALEPH)000277020USA01 035 $a000277020 100 $a20060629h1991----km-y0itay50------ba 101 $aeng 102 $aNL 105 $a----||||001yy 200 1 $aAddenda et corrigenda$eto D. A. Amyx, Corinthian vase-painting in the archaic period$fC. W. Neeft 210 $aAmsterdam$cAllard Pierson Series$dcopyr. 1991 215 $a167 p.$d25 cm 225 2 $aAllard Pierson series$iScripta minora$v3 410 0$12001$aAllard Pierson series$iScripta minora$v3 454 1$12001 461 1$1001-------$12001 606 0 $aVasi corinzi$zSec. 8.-5. a. C.$xRepertori 676 $a738.38209387 700 1$aNEEFT$bC. W.$0593799 801 0$aIT$bsalbc$gISBD 912 $a990002770200203316 951 $aI C NEE 2$b3100 DBC$cI C 959 $aBK 969 $aDBC 979 $aDBC$b90$c20060629$lUSA01$h1527 996 $aAddenda et corrigenda$9997435 997 $aUNISA